00843nam a2200217 a 450000100060000000300080000600500170001400800410003103500190007204000420009104100080013308200270014110000390016824500920020726000450029930000310034449000900037550400500046565000200051583000900053534443BD-RjUL20211209052148.0140517s1966 enka b 001 0 eng d a(BD-RjUL)34537 aDLCcOUNdSERdUKMdEQOdBD-RjULbeng aeng a301.35095487bIST 19661 aIshwaran, K.q(Karigoudar),d1922-10aTradition and economy in village India /cby K. Ishwaran; foreword by Conrad Arensberg. aLondon :bRoutledge & Kegan Paul,c1966. axiv, 169 [15] p. ;c23 cm.1 aInternational library of sociology and social reconstruction (Routledge & Kegan Paul) a Includes Bibliography: p. 161-163 and index. 0aVillageszIndia 0aInternational library of sociology and social reconstruction (Routledge & Kegan Paul)